Computer Programs - Statistics

General Stats
  • This quiz has been taken 269 times
  • The average score is 5 of 15
Answer Stats
Hint Answer % Correct
Microsoft's presentation software PowerPoint
95%
Web browser favoured by Apple enthusiasts Safari
71%
Free, open source text editor which allows easy editing of computer code Notepad++
55%
World's most popular VoIP software Skype
51%
Makes ladies look even prettier! Photoshop
48%
Contemporary gaming platform which is available as a console or as an application Steam
36%
Allows access to the Deep Web Tor
34%
It can play anything you throw at it VLC
31%
Was renamed File Explorer in Windows 8 Windows Explorer
26%
Easy way to set up LAN parties over the Internet Hamachi
12%
Free, open source encryption software with no backdoor TrueCrypt
9%
Pineapple wine can rip DVDs? Handbrake
8%
Consolidates files into one single contiguous volume on the disk Disk Defragmenter
7%
Don't get an 8 whatever you do! Minesweeper
7%
Exchange public keys and communicate in total privacy! Bitmessage
1%
No matching quizzes found
Score Distribution
Percent of People with Each Score
Percentile by Number Answered
Your Score History
You have not taken this quiz